The princes of India in the endgame of empire, 1917-1947 / (Record no. 160469)

MARC details
000 -LEADER
fixed length control field 00526nam a22001697a 4500
005 - DATE AND TIME OF LATEST TRANSACTION
control field 20190130153642.0
010 ## - LCCN (DPL NO)
LC control number B-011616
020 ## - INTERNATIONAL STANDARD BOOK NUMBER
International Standard Book Number 8175960647
Terms of availability 200.00
035 ## - SYSTEM CONTROL NUMBER
System control number B-011616
037 ## - SOURCE OF ACQUISITION
Source of stock number/acquisition Cambridge University Press
082 ## - DEWEY DECIMAL CLASSIFICATION NUMBER
Classification number 954.084
100 ## - MAIN ENTRY--PERSONAL NAME
Personal name Copland, Ian
245 ## - TITLE STATEMENT
Title The princes of India in the endgame of empire, 1917-1947 /
Statement of responsibility, etc Ian Copland
260 ## - PUBLICATION, DISTRIBUTION, ETC. (IMPRINT)
Place of publication, distribution, etc New Delhi
Name of publisher, distributor, etc Cambridge University Press
Date of publication, distribution, etc 1999
300 ## - PHYSICAL DESCRIPTION
Extent 302p.(it include index.)
Dimensions 22cm(pbk)
942 ## - ADDED ENTRY ELEMENTS (KOHA)
Source of classification or shelving scheme Dewey Decimal Classification
Item type English Books
Classification part 954.084
Call number suffix COP
Holdings
Withdrawn status Lost status Not for loan Collection code Home library Current library Date acquired Full call number Barcode Koha item type
      Non-fiction Sarojini Nagar Sarojini Nagar 30/01/2019 954.084 COP B-011616 English Books

© Delhi Public Library
Hit Counter
free hit counter